000 00181 a2200097 4500
020 _a9789584297198
041 _aspa
100 _aDisney, Walt
245 _aEl Rey Leon
942 _cBK
999 _c27469
_d27469